[Event "Arco Christmas op 8th"]
[Site "Arco"]
[Date "2017.12.29"]
[Round "5"]
[White "Spinella, Rocio"]
[Black "Simbola, Francesca"]
[Result "1-0"]
[WhiteElo "1495"]
[BlackElo "1320"]
[PlyCount "49"]
[EventDate "2017.12.26"]
[EventType "swiss"]
[EventRounds "7"]
[EventCountry "ITA"]
[SourceTitle "CBM 182 Extra"]
[Source "ChessBase"]
[SourceDate "2018.02.23"]
[SourceVersion "1"]
[SourceVersionDate "2018.02.23"]
[SourceQuality "1"]

1. e4 e6 2. d4 d5 3. exd5 exd5 4. Nf3 Nf6 5. Nc3 Bf5 6. Be2 c5 7. Bg5 Qb6 8. Na4 Qa5+ 9. c3 Nbd7 10. dxc5 Bxc5 11. Nxc5 Qxc5 12. 0-0 0-0 13. Bd3 Qe7 14. Nd4 Bg6 15. Be3 Ne4 16. Re1 Ndc5 17. Bc2 f5 18. Nf3 Rad8 19. Bb3 Nxb3 20. Qxb3 b6 21. Bg5 Nd2 22. Bxe7 Nxb3 23. axb3 Rd7 24. Bxf8 Kxf8 25. Ne5 1-0